Normal view MARC view

Entry Personal Name

Number of records used in: 2

001 - CONTROL NUMBER

  • control field: 26815

003 - CONTROL NUMBER IDENTIFIER

  • control field: dpl

005 - DATE AND TIME OF LATEST TRANSACTION

  • control field: 20110329120904.0

008 - FIXED-LENGTH DATA ELEMENTS

  • fixed length control field: 110329|||a|||||| | ||| d

040 ## - CATALOGING SOURCE

  • Original cataloging agency: dpl
  • Transcribing agency: dpl

100 ## - HEADING--PERSONAL NAME

  • Personal name: Jain

670 ## - SOURCE DATA FOUND

  • Source citation: Work cat.: (dpl)35470: Lal 26814, Upkar's kendriya vidyalaya sangathan trained graduate teachers recruitment test :, 201?

670 ## - SOURCE DATA FOUND

  • Source citation: Work cat.: (dpl)35470: Lal 26814, Upkar's kendriya vidyalaya sangathan trained graduate teachers recruitment test :, 201?

© Delhi Public Library
Hit Counter
free hit counter